| 000 | 01204nab a2200253 i 4500 | ||
|---|---|---|---|
| 001 | 180788 | ||
| 003 | ES-MaACL | ||
| 005 | 20250902063116.0 | ||
| 008 | 120712s1913 sp 000 0 spa d | ||
| 100 | 1 |
_aDubois, Antonio _eaut _9226924 |
|
| 245 | 1 | 0 |
_aDiscusión mantenida en la Sección de Ciencias Morales y Políticas acerca de la Memoria del Sr. Rivera Pastor sobre "Orientaciones políticas" : _b[sesiones de 3 y 10 de abril] / _cdiscurso del presidente de dicha Sección, Antonio Dubois |
| 300 | _aPáginas 23-44 | ||
| 594 | _aPrecede al título: Ateneo de Madrid. Sección de Ciencias Morales y Políticas | ||
| 599 | _aRetrato del autor en portada | ||
| 610 | 2 | 4 |
_aAteneo de Madrid. _bSección de Ciencias Morales y Políticas- _vMemorias _91986 |
| 650 | 7 |
_aEstado _2embne _912523 |
|
| 651 | 4 |
_aEspaña- _xPolítica y gobierno- _y1902-1931 _9226926 |
|
| 655 | 4 |
_aConferencias _9234444 |
|
| 710 | 2 |
_aAteneo de Madrid. _bSección de Ciencias Morales y Políticas _eisb _91985 |
|
| 773 | 0 |
_tLa Palabra : revista taquigráfica, _xISSN 2479-7723, _gN. 9 (1 mayo 1913), p. 23-44 _02879 _w2879 _92987 |
|
| 942 |
_cANAB _2udc _n0 |
||
| 999 |
_c180788 _d180788 |
||